Les mots de la langue française terminés par "tique" - Statistiques

Statistiques générales
  • Ce quiz a été pris 327 fois
  • Le résultat moyen est 15 sur 45
Statistiques - réponses
Indice Mot % Correct
océan atlantique
81%
pou de bois tique
77%
magasin boutique
74%
insecte moustique
74%
pôle nord arctique
71%
immobile statique
61%
chinois asiatique
57%
similaire identique
56%
vieux antique
54%
fonctionnel pratique
52%
véritable authentique
51%
sonore acoustique
50%
mer adriatique
50%
chant cantique
48%
stratégie tactique
48%
héréditaire génétique
40%
sentimental romantique
40%
caoutchouc élastique
39%
science du mouvement des projectiles. balistique
38%
explosif plastique
34%
costaud athlétique
29%
breton celtique
27%
champêtre rustique
26%
sensuel érotique
25%
corrosif caustique
24%
crucial critique
22%
morale éthique
21%
fluviatile aquatique
20%
sport gymnastique
20%
dissident hérétique
19%
économie .... politique
19%
galerie portique
18%
strict drastique
17%
sans importance anecdotique
16%
capricieux lunatique
16%
incrédule sceptique
16%
tropical exotique
15%
passionné fanatique
14%
harmonieux artistique
10%
spontané automatique
10%
alarmant dramatique
10%
croyant mystique
10%
désordonné chaotique
8%
perspective optique
8%
doigté diplomatique
1%
Aucun quiz correspondant
Distribution des résultats
% des personnes avec chaque résultat
Percentile par nombre de réponses
Votre historique - résultats
Vous n’avez pas pris ce quiz